1645 1907 1021 1590 1500 1608 1124 1305 1717 1588 1949 1778 1760 1915 1074 1601 1440 1249 1297 1961 1649 1788 1745 1573 1139 1680 1030 1606 1326 1125 1766 1120 1233 1668 1208 1328 1196 1630 1209 1401 1364 1436 1539 1185 1563 1266 1036 1535 1757 1800 1831 1822 1243 1968 1656 1802 1451 1415 1281 1856 1912 1173 1509 1216 1911 1231 1143 1768 1506 1841 1104 1181 1881 1545 1197 1005 1523 1056 1886 1298 1288 1537 1582 1819 1040 1249 1301 1700 1027 1343 1645 1333 1526 1200 1662 1208 1027 1382 1049 BCNSPRNW ULIB Ver.6.0+V

เปลี่ยนเป็นภาษาไทย

Change to English
 แสดงรายละเอียดบรรณานุกรม
  กลับหน้าหลัก

Brief Record : Get Marc (ISO 2709) : E-mail record : QR code < ปิดหน้าต่าง
LEADER : 00000nam 2200000uu 4500
001    13399128202
003     ULIB
008    220815s2022||||th 000 0 tha d
020    ^a9780323697033
060 04 ^aQY39^bP128M
100 1  ^aPagana, Kathleen Deska,^d1952-^eauthor
245 10 ^aMosby s manual of diagnostic and laboratory tests /^cKathleen Deska Pagana, Timothy J. Pagana
246 30 ^aManual of diagnostic and laboratory tests
246 30 ^aDiagnostic and laboratory tests
250    ^a7th ed.
260    ^aSt. Louis, Missouri :^bElsevier,^c2022
300    ^axxiii, 1174 pages :^billustrations ;^c24 cm
504    ^aIncludes bibliographical references and index
505 0  ^aDiagnostic testing for the most common diseases --Guidelines for proper test preparation and performance --Blood studies -- Electrodiagnostic tests -- Endoscopicstudies -- Fluid analysis studies -- Manometric studies --Microscopic studies and associated testing -- Nuclearscanning -- Stool tests -- Ultrasound studies -- Urinestudies -- X-ray studies -- Miscellaneous studies
520    ^aSucceed iin clinicals and practice with this user-friendly diagnostic and lab test manual. Writing careplans, understanding and performing tests, andinterpreting test results is made easier with Mosby sManual of Diagnostic and Laboratory Tests, 7th Edition.This essential resource provides clear, concise coverageof over 700 of the most commonly performed diagnostic andlaboratory tests. Valuable in academic and clinicalsettings alike, it is beloved for its full-color design,user-friendly organization, and illustrations that helpclarify key concepts-- Provided by publisher
650  0 ^aDiagnosis, Laboratory^vHandbooks, manuals, etc
650  0 ^aDiagnosis, Radioscopic^vHandbooks, manuals, etc
650  0 ^aReference values (Medicine)^vHandbooks, manuals, etc
650  2 ^aClinical Laboratory Techniques
650  2 ^aDiagnostic Tests, Routine
945    ^p0^l0^i009306
999    ^aประนอม เกษจรัล
รายการนี้ยังไม่มีแท็ก
คุณยังไม่ได้ล็อกอิน คุณสามารถมีกิจกรรมร่วมกับเว็บไซต์ได้ แต่ต้องล็อกอินก่อน ::
  ล็อกอิน

รายการสื่อสารสนเทศ

ลำดับที่ ประเภท เลขเรียก/บาร์โค้ด สถานที่ สถานะ
1. วิทยาศาสตร์การแพทย์ และสุขภาพ
หนังสือสำรอง
สถานะ=หนังสือสำรอง
QY39 P128M ฉ.1 
  Barcode: 009306
ห้องสมุดวิทยาเขตสวรรค์ประชารักษ์
►หนังสือทั่วไป
บนชั้น

รายการใกล้เคียง
    หัวเรื่อง [Clinical Laboratory Techniques]
    หัวเรื่อง [Diagnostic Tests, Routine]

BibComment


ยังไม่เคยถูกคอมเมนท์

คอมเมนท์ทรัพยากรรายการนี้
  คอมเมนท์: Mosby s manual o..


 Copyright 2026. Bcnsprnw @Library